000
00222nam a22000857a 4500
008
160704b xxu||||| |||| 00| 0 eng d
100
_9
1909
_a
Gandhi, A
245
_a
School Social Work
260
_a
New Delhi
_b
Common Wealth
_c
2005
999
_c
1611
_d
1611